000 00475cam a2200157 4500500
005 20251012032610.0
041 _afre
042 _adc
100 1 0 _aTorés, Alberto
_eauthor
700 1 0 _a Sesé, Bernard
_eauthor
245 0 0 _aParalelo puñal/Paralléle poignard
260 _c2007.
500 _a79
786 0 _nSigila | 20 | 2 | 2007-12-20 | p. 164-165 | 1286-1715
856 4 1 _uhttps://shs.cairn.info/revue-sigila-2007-2-page-164?lang=fr&redirect-ssocas=7080
999 _c1547803
_d1547803